| 000 | 00519nam a2200181Ia 4500 | ||
|---|---|---|---|
| 005 | 20250317125807.0 | ||
| 008 | 008 250317s9999 xx 000 0 eng d | ||
| 037 | _aTextbook | ||
| 040 |
_aFMSL _beng _cFMSL |
||
| 041 |
_aeng _2eng |
||
| 084 |
_aX.44 N1 _qFMSL |
||
| 100 | _aJalan Bimal | ||
| 245 | 0 | _aIndia's economic crices: The way ahead | |
| 260 |
_aDelhi Delhi _bDelhi Delhi, Oxford University Press _c1991 |
||
| 300 | _a260p | ||
| 942 |
_cTB _hX.44 N1 |
||
| 999 |
_c1261022 _d1261022 |
||